South Eastern Kenya University

Library Online Public Access Catalogue


Study guide, tools for success (Record no. 9198)

MARC details
000 -LEADER
fixed length control field 00412nam a22001457a 4500
020 ## - ISBN
International Standard Book Number 0538868279
050 ## - LIBRARY OF CONGRESS CALL NUMBER
Classification Number HB 172.5
Item Number .W5 1999
100 ## - MAIN ENTRY--Author
Personal name Wishart, David M
245 ## - TITLE
Title Study guide, tools for success
Remainder of title : Principles of macroeconomics
250 ## - EDITIONSTATEMENT
Edition statement 2nd ed.
260 ## - PUBLICATION, DISTRIBUTION, ETC.(IMPRINT)
Place of publication, distribution, etc US:
Name of publisher, distributor, etc International Thomson Publishing,
Date of publication, distribution, etc 1999.
300 ## - PHYSICAL DESCRIPTION
Extent 312p.
650 ## - SUBJECT--TOPIC
General subdivision Macroeconomics--Study and teaching
942 ## - ADDED ENTRY ELEMENTS(KOHA)
Source of classification or shelving scheme Library of Congress Classification
Koha item type General circulation
Holdings
Source of classification or shelving scheme Not for loan Location (home branch) Sublocation (holding branch) Date accessioned Source of acquisition Full call number Barcode Nonpublic note Koha item type
Library of Congress Classification   SEHSS - Library SEHSS - Library 25/09/2015 DONATION FROM BOOKS FOR AFRICA [EHS] HB 172.5 .W5 1999 2015/008257 jm General circulation
Kitui, Kenya.
+254736116989
library@seku.ac.ke